Теория человеческой сущности; Т. 2

গ্রন্থ-পঞ্জীর বিবরন
প্রধান লেখক: Хьюм Д. Дэвид
সংক্ষিপ্ত:Книга на китайском языке.
ভাষা:চীনা
প্রকাশিত: Пекин, Коммерческое печатное изд-во, 2005
মালা:Известные произведения по искусствоведению в переводе на китайский язык
বিষয়গুলি:
বিন্যাস: গ্রন্থ
KOHA link:https://koha.lib.tpu.ru/cgi-bin/koha/opac-detail.pl?biblionumber=118297

MARC

LEADER 00000nam0a2200000 4500
001 118297
005 20231031124101.0
010 |a 7100011655 
035 |a (RuTPU)RU\TPU\book\128015 
035 |a RU\TPU\book\128012 
090 |a 118297 
100 |a 20070609d2005 km y0chiy50 ea 
101 1 |a chi  |c eng 
102 |a CN 
105 |a y z 000zy 
200 1 |a Теория человеческой сущности  |h Т. 2  |f Д. Хьюм 
210 |a Пекин  |c Коммерческое печатное изд-во  |d 2005 
215 |a 508 с. 
225 1 |a Известные произведения по искусствоведению в переводе на китайский язык 
300 |a Книга на китайском языке. 
610 1 |a философия 
610 1 |a история 
610 1 |a философская антропология 
610 1 |a человек 
610 1 |a бытие 
610 1 |a сущность 
686 |a Ю3(7США)6  |v LBC/SL-A  |2 rubbk 
700 1 |a Хьюм  |b Д.  |g Дэвид 
801 1 |a RU  |b 63413507  |c 20070609  |g PSBO 
801 2 |a RU  |b 63413507  |c 20070705  |g PSBO 
942 |c BK